[Event "San Borja Nombre de Jesus III"]
[Site "San Borja"]
[Date "2015.08.15"]
[Round "8"]
[White "Pena Flores, Gustavo"]
[Black "Cespedes Torres, Jose Mart"]
[Result "1-0"]
[WhiteElo "1581"]
[BlackElo "1766"]
[PlyCount "54"]
[EventDate "2015.08.12"]
[EventType "swiss"]
[EventRounds "8"]
[EventCountry "PER"]
[SourceTitle "EXT 2024"]
[Source "ChessBase"]
[SourceDate "2023.10.10"]
[SourceVersion "1"]
[SourceVersionDate "2023.10.10"]
[SourceQuality "1"]

1. e4 g6 2. d4 Bg7 3. Nf3 d6 4. c4 Nf6 5. Nc3 0-0 6. Be2 Nc6 7. 0-0 e5 8. d5 Ne7 9. h3 Nh5 10. Ng5 Nf4 11. Bxf4 exf4 12. Qc1 h6 13. Nf3 g5 14. Nh2 Ng6 15. Ng4 f5 16. exf5 Bxf5 17. Qd2 Ne5 18. Nxe5 Bxe5 19. Bg4 Bxg4 20. hxg4 f3 21. g3 Qd7 22. Kh2 Qxg4 23. Rh1 Rae8 24. Qd3 Kg7 25. Rae1 Bxg3+ 26. fxg3 Qh5+ 27. Kg1 Rxe1+ 1-0

[Event "San Borja Nombre de Jesus III"]
[Site "San Borja"]
[Date "2015.08.12"]
[Round "2"]
[White "Cespedes Torres, Jose Mart"]
[Black "Pastor Aragon, Mateo"]
[Result "1-0"]
[WhiteElo "1766"]
[BlackElo "1392"]
[PlyCount "97"]
[EventDate "2015.08.12"]
[EventType "swiss"]
[EventRounds "8"]
[EventCountry "PER"]
[SourceTitle "EXT 2024"]
[Source "ChessBase"]
[SourceDate "2023.10.10"]
[SourceVersion "1"]
[SourceVersionDate "2023.10.10"]
[SourceQuality "1"]

1. d4 Nf6 2. Nf3 g6 3. c4 Bg7 4. Nc3 d5 5. cxd5 Nxd5 6. e4 Nxc3 7. bxc3 0-0 8. Be3 c5 9. Qd2 Qa5 10. Rc1 Nc6 11. d5 Ne5 12. Nxe5 Bxe5 13. f4 Bg7 14. c4 Qxd2+ 15. Kxd2 b6 16. Bd3 Rd8 17. Ke2 Bb7 18. Rb1 e5 19. fxe5 Bxe5 20. Bxc5 bxc5 21. Rxb7 Rdb8 22. Rb5 Bd6 23. h3 a6 24. Rbb1 Rxb1 25. Rxb1 Rb8 26. Rb3 Rxb3 27. axb3 a5 28. Kd2 f6 29. Kc2 Be5 30. Kb1 Kf7 31. Ka2 Ke7 32. Ka3 Bc7 33. Ka4 Kd6 34. Kb5 h5 35. e5+ fxe5 36. Bxg6 h4 37. Bf5 Bd8 38. Be4 Bc7 39. g4 hxg3 40. h4 Bd8 41. h5 Ke7 42. Kxc5 Kf6 43. Kd6 Kg5 44. Kxe5 Kxh5 45. c5 Kh4 46. Bg2 Kg4 47. d6 Bg5 48. c6 Bf4+ 49. Ke6 1-0

[Event "San Borja Nombre de Jesus III"]
[Site "San Borja"]
[Date "2015.08.12"]
[Round "7"]
[White "Cespedes Torres, Jose Mart"]
[Black "Ugarelli, Juan"]
[Result "1-0"]
[WhiteElo "1766"]
[BlackElo "1508"]
[PlyCount "61"]
[EventDate "2015.08.12"]
[EventType "swiss"]
[EventRounds "8"]
[EventCountry "PER"]
[SourceTitle "EXT 2024"]
[Source "ChessBase"]
[SourceDate "2023.10.10"]
[SourceVersion "1"]
[SourceVersionDate "2023.10.10"]
[SourceQuality "1"]

1. Nf3 Nf6 2. d4 g6 3. g3 Bg7 4. Bg2 0-0 5. 0-0 d6 6. c4 Bf5 7. Nc3 c5 8. Nh4 Bc8 9. dxc5 dxc5 10. Qb3 Qb6 11. Be3 Nc6 12. Qa3 Nd4 13. Rad1 e5 14. Nf3 Ng4 15. Nd5 Qd6 16. Nxd4 exd4 17. Bxd4 Bxd4 18. Rxd4 Be6 19. Nf6+ Nxf6 20. Rxd6 Ne8 21. Rd2 Bxc4 22. b3 Ba6 23. Qxc5 Ng7 24. Rc1 b6 25. Qa3 Rac8 26. Rxc8 Bxc8 27. Qxa7 Be6 28. Qxb6 Rc8 29. Rd8+ Ne8 30. Rxc8 Bxc8 31. Qd8 1-0

[Event "Lima zt 2.4 "]
[Site "Lima"]
[Date "2015.05.07"]
[Round "5"]
[White "Diaz Moscol, Jose"]
[Black "Cespedes Torres, Jose Mart"]
[Result "0-1"]
[WhiteElo "1591"]
[BlackElo "1773"]
[PlyCount "50"]
[EventDate "2015.05.04"]
[EventType "swiss"]
[EventRounds "9"]
[EventCountry "PER"]
[SourceTitle "CBM 166 Extra"]
[Source "ChessBase"]
[SourceDate "2015.06.18"]
[SourceVersion "1"]
[SourceVersionDate "2015.06.18"]
[SourceQuality "1"]

1. d4 e6 2. c4 Nf6 3. Nf3 d5 4. Bg5 Be7 5. e3 0-0 6. Nc3 h6 7. Bh4 Ne4 8. Bxe7 Qxe7 9. cxd5 Nxc3 10. bxc3 exd5 11. Bd3 Nd7 12. 0-0 Nf6 13. Qc2 c6 14. Ne5 Ng4 15. Nxg4 Bxg4 16. h3 Be6 17. c4 f5 18. c5 f4 19. exf4 Rxf4 20. Rfe1 Qd7 21. Rad1 Raf8 22. Rd2 Bxh3 23. Bh7+ Kh8 24. Ree2 Bxg2 25. Re6 Be4 0-1

[Event "Lima zt 2.4 "]
[Site "Lima"]
[Date "2015.05.06"]
[Round "4"]
[White "Cespedes Torres, Jose Mart"]
[Black "Ccerhuayo Escobedo, Mels Leopold"]
[Result "0-1"]
[WhiteElo "1773"]
[BlackElo "1644"]
[PlyCount "128"]
[EventDate "2015.05.04"]
[EventType "swiss"]
[EventRounds "9"]
[EventCountry "PER"]
[SourceTitle "CBM 166 Extra"]
[Source "ChessBase"]
[SourceDate "2015.06.18"]
[SourceVersion "1"]
[SourceVersionDate "2015.06.18"]
[SourceQuality "1"]

1. Nf3 c5 2. e4 d6 3. d4 cxd4 4. Nxd4 Nf6 5. Nc3 g6 6. Be3 Bg7 7. Qd2 Nc6 8. f3 0-0 9. 0-0-0 Bd7 10. Bc4 Qb8 11. g4 Rc8 12. Bb3 a5 13. a4 Nxd4 14. Bxd4 b5 15. g5 Ne8 16. Bxg7 Nxg7 17. Qd5 Ne6 18. Nxb5 Bxb5 19. Qxb5 Qxb5 20. axb5 Nxg5 21. h4 Nxf3 22. Bxf7+ Kxf7 23. Rdf1 Rab8 24. Rxf3+ Ke6 25. h5 Rxb5 26. hxg6 hxg6 27. Rg3 Rg8 28. Rhg1 g5 29. c3 Re5 30. Kc2 Rxe4 31. Rxg5 Re2+ 32. Kd3 Rxg5 33. Rxg5 Rxb2 34. Rxa5 Rg2 35. Rh5 Kd7 36. Rh7 Ke6 37. c4 Rf2 38. Rh4 Rf7 39. Rh5 Rf5 40. Rh7 Re5 41. Rh8 Rf5 42. Ke4 Rc5 43. Kd4 Kd7 44. Rh7 Rg5 45. Rh4 Kc6 46. Rh3 e5+ 47. Kc3 Kc5 48. Rd3 e4 49. Re3 Re5 50. Re1 e3 51. Re2 Re4 52. Kd3 Re7 53. Kc3 Ra7 54. Re1 Ra3+ 55. Kc2 Kxc4 56. Rh1 Ra2+ 57. Kb1 Rf2 58. Kc1 Kd3 59. Rd1+ Rd2 60. Rh1 d5 61. Rh3 Rf2 62. Rh1 d4 63. Rd1+ Kc3 64. Rh1 d3 0-1

[Event "Sullana Norte op"]
[Site "Sullana"]
[Date "2015.03.22"]
[Round "5"]
[White "Bancayan Maco, Jose"]
[Black "Cespedes Torres, Jose Mart"]
[Result "1-0"]
[WhiteElo "2192"]
[BlackElo "1781"]
[PlyCount "89"]
[EventDate "2015.03.20"]
[EventType "swiss"]
[EventRounds "6"]
[EventCountry "PER"]
[SourceTitle "CBM 165 Extra"]
[Source "ChessBase"]
[SourceDate "2015.04.21"]
[SourceVersion "1"]
[SourceVersionDate "2015.04.21"]
[SourceQuality "1"]

1. c4 e5 2. Nc3 Nc6 3. g3 g6 4. Bg2 Bg7 5. e3 Nge7 6. Nge2 0-0 7. 0-0 d6 8. d4 Bd7 9. b3 Qc8 10. Nd5 Nxd5 11. cxd5 Ne7 12. Bb2 Bh3 13. dxe5 Bxg2 14. Kxg2 dxe5 15. Rc1 Qd7 16. e4 Rac8 17. f4 f6 18. Ba3 Rfe8 19. fxe5 fxe5 20. Ng1 Rcd8 21. Qe2 Nc8 22. Rc3 Nd6 23. Rcf3 Rf8 24. Rxf8+ Rxf8 25. Rxf8+ Bxf8 26. Nf3 Qg4 27. Bxd6 Bxd6 28. h3 Qd7 29. Ng5 a5 30. a4 b6 31. Qa6 h6 32. Qa8+ Kg7 33. Ne6+ Kh7 34. h4 Qf7 35. Qd8 Qe7 36. Qxe7+ Bxe7 37. Nxc7 Kg7 38. Kf3 h5 39. d6 Bf6 40. Ke3 Kf7 41. Kd3 g5 42. hxg5 Bxg5 43. Kc4 Be3 44. d7 Bg5 45. Kd5 1-0

[Event "Arequipa Copa del Rey 3rd"]
[Site "Arequipa"]
[Date "2014.11.01"]
[Round "5"]
[White "Mamani, Joan Franco"]
[Black "Cespedes Torres, Jose Mart"]
[Result "1/2-1/2"]
[WhiteElo "2193"]
[BlackElo "1760"]
[PlyCount "33"]
[EventDate "2014.10.31"]
[EventType "swiss"]
[EventRounds "7"]
[EventCountry "PER"]
[SourceTitle "EXT 2018"]
[Source "ChessBase"]
[SourceDate "2017.10.13"]
[SourceVersion "1"]
[SourceVersionDate "2017.10.13"]
[SourceQuality "1"]

1. g3 Nf6 2. Bg2 d5 3. Nf3 e6 4. 0-0 c5 5. c4 Nc6 6. Re1 d4 7. d3 Be7 8. e4 e5 9. h3 0-0 10. Nbd2 Ne8 11. Nf1 Bf6 12. g4 g6 13. Ng3 Bg7 14. Bd2 Nc7 15. a3 a5 16. Qc1 Ne6 17. Ng5 1/2-1/2

[Event "Lima Circulo Peruano 5th"]
[Site "Lima"]
[Date "2014.02.21"]
[Round "5"]
[White "Cespedes Torres, Jose Mart"]
[Black "Saravia, German"]
[Result "1-0"]
[WhiteElo "1767"]
[BlackElo "1494"]
[PlyCount "23"]
[EventDate "2014.02.17"]
[EventType "swiss"]
[EventRounds "7"]
[EventCountry "PER"]
[SourceTitle "CBM 159 Extra"]
[Source "ChessBase"]
[SourceDate "2014.04.24"]
[SourceVersion "1"]
[SourceVersionDate "2014.04.24"]
[SourceQuality "1"]

1. d4 Nf6 2. Nf3 g6 3. g3 Bg7 4. Bg2 0-0 5. c4 d6 6. Nc3 Nc6 7. 0-0 e5 8. d5 Na5 9. Nd2 Ne8 10. e4 f5 11. b4 f4 12. bxa5 1-0

[Event "Lima Circulo Peruano 5th"]
[Site "Lima"]
[Date "2014.02.20"]
[Round "4"]
[White "Cespedes Torres, Jose Mart"]
[Black "Escalante Ramirez, Brian Sebastian"]
[Result "0-1"]
[WhiteElo "1767"]
[BlackElo "1909"]
[PlyCount "63"]
[EventDate "2014.02.17"]
[EventType "swiss"]
[EventRounds "7"]
[EventCountry "PER"]
[SourceTitle "CBM 159 Extra"]
[Source "ChessBase"]
[SourceDate "2014.04.24"]
[SourceVersion "1"]
[SourceVersionDate "2014.04.24"]
[SourceQuality "1"]

1. Nf3 Nf6 2. g3 g6 3. Bg2 Bg7 4. c4 d6 5. 0-0 0-0 6. Nc3 Nc6 7. d4 a6 8. b3 Rb8 9. Bb2 b5 10. cxb5 axb5 11. Rc1 Na5 12. Qc2 Bb7 13. e3 c5 14. Rfd1 Qb6 15. Ne2 Rbc8 16. dxc5 dxc5 17. Ne1 Bxg2 18. Kxg2 c4 19. b4 Nc6 20. a3 e5 21. Nc3 Qb7 22. f3 h5 23. Ne4 Nxe4 24. Qxe4 Kh7 25. Rd6 f5 26. Qd5 Rfd8 27. Bc3 Rxd6 28. Qxd6 Rd8 29. Qe6 Qa8 30. a4 bxa4 31. Qxc4 Re8 32. Ra1 0-1

[Event "Cajamarca op 3rd"]
[Site "Cajamarca"]
[Date "2011.03.27"]
[Round "5"]
[White "Cespedes Torres, Jose Mart"]
[Black "Gonzales Gonzales, Ronald"]
[Result "1-0"]
[WhiteElo "1759"]
[BlackElo "1908"]
[PlyCount "139"]
[EventDate "2011.03.25"]
[EventType "swiss"]
[EventRounds "6"]
[EventCountry "PER"]
[SourceTitle "EXT 2024"]
[Source "ChessBase"]
[SourceDate "2023.10.10"]
[SourceVersion "1"]
[SourceVersionDate "2023.10.10"]
[SourceQuality "1"]

1. c4 e5 2. Nc3 Nf6 3. g3 Be7 4. Bg2 c6 5. e3 0-0 6. d4 exd4 7. exd4 Bb4 8. Nge2 d5 9. c5 Ne4 10. 0-0 f5 11. Qc2 Na6 12. a3 Bxc3 13. Nxc3 Nc7 14. f3 Ng5 15. Bf4 Nce6 16. Be5 Nf7 17. f4 Nxe5 18. dxe5 Nxc5 19. Nxd5 Ne4 20. Nc3 Qb6+ 21. Kh1 Nxc3 22. Qxc3 Be6 23. b4 Rad8 24. Rad1 Qa6 25. Rfe1 Rxd1 26. Rxd1 Qe2 27. Qd2 Qb5 28. h4 h6 29. Qd6 Re8 30. Qc7 Bd5 31. Bxd5+ cxd5 32. Qd6 Qe2 33. Qxd5+ Kh8 34. Qd3 Qg4 35. Rc1 Qh3+ 36. Kg1 Kh7 37. Rc7 Re6 38. Kf2 Rg6 39. Qf3 Re6 40. Qxb7 Qg4 41. Qf3 Qh3 42. Qd5 Ra6 43. Rxg7+ Kxg7 44. Qb7+ Kf8 45. Qxa6 Qh2+ 46. Kf1 Qh3+ 47. Ke2 Qg2+ 48. Kd1 Qd5+ 49. Kc2 Qa2+ 50. Kd3 Qb1+ 51. Kd4 Qd1+ 52. Qd3 Qg1+ 53. Kd5 Ke7 54. Qxf5 Qg2+ 55. Qe4 Qa2+ 56. Kc5 Qxa3 57. Qh7+ Kd8 58. Qg8+ Ke7 59. Qg7+ Kd8 60. Qf8+ Kd7 61. Qf7+ Kd8 62. Qc4 Ke7 63. Kb5 Qxg3 64. Qc7+ Ke8 65. Qb8+ Kd7 66. Qxa7+ Kc8 67. Qc5+ Kb7 68. Qe7+ Ka8 69. Kb6 Qg1+ 70. Qc5 1-0